|
|
|
|
| LEADER |
00000nbm0a2200000 4500 |
| 001 |
82992 |
| 005 |
20231031095934.0 |
| 035 |
|
|
|a (RuTPU)RU\TPU\book\89187
|
| 090 |
|
|
|a 82992
|
| 100 |
|
|
|a 20051010d1976 k y0rusy50 ca
|
| 101 |
0 |
|
|a rus
|
| 102 |
|
|
|a RU
|
| 105 |
|
|
|a a m 001zy
|
| 200 |
1 |
|
|a Разработка и исследование эффективной системы инжекции для малогабаритных бетатронов с импульсным питанием
|e диссертация на соискание ученой степени кандидата технических наук
|e спец.05.14.11
|f В. С. Пушин
|g Томский политехнический институт ; науч. рук. В. А. Москалев, В. Л. Чахлов
|
| 210 |
|
|
|a Томск
|c [Б. и.]
|d 1976
|
| 215 |
|
|
|a 196 л.
|c ил.
|
| 320 |
|
|
|a Библиогр.: с. 182-194 (118 назв.)
|
| 610 |
1 |
|
|a диссертации
|
| 610 |
1 |
|
|a разработка
|
| 610 |
1 |
|
|a исследование
|
| 610 |
1 |
|
|a эффективные системы
|
| 610 |
1 |
|
|a инжекция
|
| 610 |
1 |
|
|a малогабаритные бетатроны
|
| 610 |
1 |
|
|a импульсное питание
|
| 610 |
1 |
|
|a дефектоскопия радиационная
|
| 610 |
1 |
|
|a качество
|
| 610 |
1 |
|
|a металлические изделия
|
| 610 |
1 |
|
|a индукционные ускорители
|
| 610 |
1 |
|
|a ускорители
|
| 610 |
1 |
|
|a электронно-лучевые приборы
|
| 610 |
1 |
|
|a электронно-лучевые приборы
|
| 610 |
1 |
|
|a магнитные поля
|
| 610 |
1 |
|
|a наносекундные диапазоны
|
| 610 |
1 |
|
|a труды учёных ТПУ
|
| 675 |
|
|
|a 621.384.634.3(048)
|v 3
|
| 686 |
|
|
|a 05.14.11
|2 oksvnk
|
| 700 |
|
1 |
|a Пушин
|b В. С.
|
| 702 |
|
1 |
|a Москалев
|b В. А.
|c российский ученый
|c электротехник
|c профессор Томского политехнического университета
|f 1927-
|g Владилен Александрович
|2 stltpush
|3 (RuTPU)RU\TPU\pers\12401
|4 727
|
| 702 |
|
1 |
|a Чахлов
|b В. Л.
|c физик
|c заслуженный деятель науки и техники Российской Федерации
|c заслуженный профессор Томского политехнического университета, доктор технических наук
|f 1934-2011
|g Владимир Лукьянович
|2 stltpush
|3 (RuTPU)RU\TPU\pers\19882
|4 727
|
| 712 |
0 |
2 |
|a Томский политехнический институт
|2 stltpush
|3 (RuTPU)RU\TPU\col\1123
|
| 801 |
|
1 |
|a RU
|b 63413507
|c 20051010
|g PSBO
|
| 801 |
|
2 |
|a RU
|b 63413507
|c 20131007
|g RCR
|
| 942 |
|
|
|c BK
|